• 首页
  • 本馆介绍
  • 公告通知
  • 最新文献
  • 馆藏检索
  • 电子资源
  • 读者导购
  • 参考咨询
  • 我的图书馆
  • 登录
  • 详细信息显示
  • 放入我的书架
  • 预约/预借图书
  • 作者相关作品
  • 分类相关作品
  • 丛书相关作品
  • 出版社相关作品

书目信息

  • 表格格式
  • 工作单格式
  • 卡片格式
题名:
现代中国
    
 
作者: 陈平原 主编
分册: 第六辑  
出版信息: 北京   北京大学出版社  2005
页数: 313页
开本: 25cm
丛书名:
单 册:
中图分类: K270.7
科图分类:
主题词: 现代史--研究--中国--文集 , 现代史
电子资源:
ISBN: 7-301-09821-9
000 00829nam0 2200253 450
001 012007540445
005 20070622084905.00
010    @a7-301-09821-9@dCNY30.00
100    @a20070509d2005 km y0chiy0120 ea
101 0  @achi
102    @aCN@b110000
105    @ay z 000yy
106    @ar
200 1  @a现代中国@Axian dai zhong guo@h第六辑@f陈平原主编@Fchen ping yuan zhu bian
210    @a北京@c北京大学出版社@d2005
215    @a313页@d25cm
330    @a本书分论文和对话两部分,收录了《燕园的三个学生刊物》、《赵树理文学的现代性问题》、《“中国三十年代文学研究会”与中日文化交流》等文章。
510 1  @aStudies of modern China@zeng
606 0  @a现代史@x研究@y中国@j文集
606 0  @a现代史
690    @aK270.7@v4
701  0 @a陈平原@Achen ping yuan@4主编
801  0 @aCN@bRULIN@c20070622
905    @dK270.7@e38:6@s8
    
    现代中国.第六辑/陈平原主编.-北京:北京大学出版社,2005
    313页;25cm
    
    
    ISBN 7-301-09821-9:CNY30.00
    本书分论文和对话两部分,收录了《燕园的三个学生刊物》、《赵树理文学的现代性问题》、《“中国三十年代文学研究会”与中日文化交流》等文章。
●
相关链接 在E读中查询图书 在五车中查询图书 在当当中查询图书 在豆瓣中查询图书


正题名:现代中国     索取号:K270.7/38:6         预约/预借

序号 登录号 条形码 馆藏地/架位号 状态 备注
1 0578457   205784579   第二样本阅览室/ [索取号:K270.7/38:6] 在馆    
2 0578458   205784588   第二借阅区/ [索取号:K270.7/38:6] 在馆    
3 0578459   205784597   第二借阅区/ [索取号:K270.7/38:6] 在馆    
4 0578460   205784604   密集书库/ [索取号:K270.7/38:6] 在馆    
5 0578461   205784613   第二借阅区/ [索取号:K270.7/38:6] 在馆    
6 0578462   205784622   密集书库/ [索取号:K270.7/38:6] 在馆    
7 0578463   205784631   第二借阅区/ [索取号:K270.7/38:6] 在馆    
8 0578464   205784640   密集书库/ [索取号:K270.7/38:6] 在馆    
9 0578465   205784659   密集书库/ [索取号:K270.7/38:6] 在馆    
10 0578466   205784668   第二借阅区/ [索取号:K270.7/38:6] 在馆    
唐山师范学院图书馆 欢迎您!
大连网信软件有限公司© 版权所有